Дело палатина виленского Альберта Гастольда по имущественному иску против князя Константина Острожского и Радзивилла

Доступно только в Электронных читальных залах Найти на картеНа карте
RUSMARC
00003502nmc2a2200000 x 450
001e3741951-9440-4fb4-8322-818e371b577c
00520151224111305.0
100##$a20150204l18411841k l0rusy0189 ca
1010#$alat
102##$aRU
2001#$aДело палатина виленского Альберта Гастольда по имущественному иску против князя Константина Острожского и Радзивилла
$j1841 г.
251##$cДело
300##$aКопия. Латинский язык
801#0$aRU
$bРГИА
$c20150204
$gRCR
801#1$aRU
$bГлавНИВЦ
$c20150204
$2rusmarc
801#2$aRU
$bПБ им. Б.Н. Ельцина
$c20151224
$gRCR
$2rusmarc
850##$aРГИА
852##$aРГИА
$eФедеральное казенное учреждение "Российский государственный исторический архив" (РГИА)
$j115
937##$hРГИА
$d12145438
$aASBIBLIO_SCAN
462#0$100169648374-363e-4609-aa4b-93cc4d750e1c
$12001
$a1687-1856 гг.
$1251
$cОпись
$1852
$j1
461#0$1001b79b38e1-dfb9-420f-b29a-53e2ed7b935a
$12001
$aБороздин Константин Матвеевич (1781-1848), археолог и историк
$1251
$cФонд
$1852
$j1681
215##$a11 л.
$d36,5х26 см
371##$aДокумент не является опубликованным и широко распространяемым
105##$ay###
1220#$ad
035##$ae3741951-9440-4fb4-8322-818e371b577c
Формат отображения